000 00691cam a22002415a 4500
001 L159707
008 150226s2016 xxk f 000 0 eng d
035 _a(Sirsi) u159707
041 0 _aeng
100 1 _aCreasey, S.
245 0 2 _aA walk on the wild side
260 _c2017
490 _aModus
_vOctober 2016, 34-35 (2)
520 _aCreating immersive habitats for rare and endangered animals, Chester Zoo's Islands project is extensive in size yet intricately detailed.
590 _aKA
650 2 4 _aZOOS
650 2 4 _aWILD ANIMALS
650 2 4 _aEXPANSION
650 2 4 _aHABITAT
651 4 _aUnited Kingdom
_y
690 _aBUILDING AND CONSTRUCTION-PROJECTS
942 _n0
999 _c84927
_d84927